| 000 | 005140000a22001210004500 | ||
|---|---|---|---|
| 100 | 1 | _aEscobar, Jimmy | |
| 245 | 1 | 0 | _a"Libertad Religiosa solo está en el Papel", Opinan líderes no Católicos |
| 300 | _anúm.28 (Junio, 2011), Pág. 12-13 | ||
| 520 | _aA los 20 años de la Constitución política del 91 el balance de pastores parlamentarios no es favorable en torno al artículo 134 que consagra ese derecho. | ||
| 650 | 1 | 4 | _aIGLESIA |
| 773 | 0 | _tVida nueva: Una palabra comprometida en la iglesia | |
| 942 | _cANA | ||
| 999 |
_c63526 _d63526 |
||